BIBLIOTHÈQUE DE LA MAISON DU MEXIQUE

Logo 1 Logo 2

Principios críticos sobre el virreinato de la Nueva España y sobre la revolución de independencia (notice nᵒ 10520)

détails MARC
000 -Sello discográfico
campo de control de longitud fija 00922nam a2200277 4500
005 - Identificación de versión
campo de control 20251017062846.0
035 ## - Otros números de control del sistema
Número de control del sistema 9899
099 ## - fechas locales
Tipo de ítem Koha LIBRO
100 ## - Datos de procesamiento general
Datos de procesamiento general 20040113d1963 m y1spay5003 ba
105 ## - Campo de datos codificados: Material textual, monográfico
Datos codificados de monografía y 001zy
200 1# - Título y mención de responsabilidad
Título propio Principios críticos sobre el virreinato de la Nueva España y sobre la revolución de independencia
Designación general del material texto impreso
Primer mención de responsabilidad Agustín Rivera
210 ## - Publicación, distribución, etc.
Lugar de publicación, distribución, etc. México
Nombre del editor, distribuidor, etc. Comisión Nacional para las Conmemoraciones Cívicas
Fecha de publicación, distribución, etc. 1963
215 ## - Descripción física
Designación de material específico y extensión del ítem 955 p
Dimensiones 24 cm
345 ## - Nota de información de adquisición
Fuente de adquisición/dirección de la suscripción [OBSOLETO] Donación
607 ## - Nombre geográfico utilizado como tema
Elemento de entrada México
Subdivisión temática Historia
Subdivisión cronológica Colonia, 1540-1810
Número Koha 605
607 ## - Nombre geográfico utilizado como tema
Elemento de entrada México
Subdivisión temática Historia
Subdivisión cronológica Guerra de independencia, 1810-1821
Número Koha 534
660 ## - Código de área geográfica
Código MX
676 ## - Clasificación Decimal Dewey
Número 972.021 R621p
700 ## - Nombre personal - Responsabilidad primaria
Elemento de entrada Rivera y San Román
Parte del nombre distinta del elemento de entrada Agustín
Fechas 1824-1916
Número Koha 17027
801 #0 - Fuente de origen
Agencia cm
900 ## -
-- 1/5927
900 ## -
-- 7100417688\130104
942 ## - ELEMENTOS DE ENTRADA SECUNDARIOS (KOHA)
Tipo de ítem Koha Livre

Pas d'exemplaire disponible.